| 000 | 00690na a2200265 4500 | ||
|---|---|---|---|
| 001 | 16043 | ||
| 003 | MIRAKIL | ||
| 005 | 20181213154954.0 | ||
| 008 | 161013b tu 000 0 | ||
| 035 | _a16043 | ||
| 040 |
_aMilas _btur _cTR-AnCHP |
||
| 041 | _atur | ||
| 082 |
_a811.42 _bH97k 1987 |
||
| 090 | _a811.42 H97k 1987 | ||
| 100 | _aHüseyin, Hasan | ||
| 245 |
_aKızılırmak _cHasan Hüseyin |
||
| 250 | _a8. bs. | ||
| 260 |
_aİstanbul _bBilgi yayınevi _c1987 |
||
| 300 |
_a101 s. _c19 sm. |
||
| 440 |
_aBilgi yayınları _v180 |
||
| 490 |
_aHasan Hüseyin Bütün Şiirleri _v3 |
||
| 650 |
_aTürk edebiyatı _xŞiirler |
||
| 650 | _aTürkçe şiir | ||
| 942 |
_2ddc _cBKS |
||
| 999 |
_c4132 _d4132 |
||